[Event "FIDE World Rapid Team"]
[Site "London ENG"]
[Date "2025.06.12"]
[Round "8.4"]
[White "Le, Tuan Minh"]
[Black "Camacho Collados, Marcos"]
[Result "1-0"]
[WhiteTitle "GM"]
[BlackTitle "IM"]
[WhiteElo "2598"]
[BlackElo "2462"]
[WhiteTeam "Theme International Trading"]
[BlackTeam "Duobeniajan Costa Calida ESJ"]
[WhiteFideId "12401153"]
[BlackFideId "2266237"]
[EventDate "2025.06.11"]
[EventType "team"]

1. d4 Nf6 2. c4 e6 3. Nf3 b6 4. a3 Bb7 5. Nc3 Ne4 6. Nxe4 Bxe4 7. Bf4 Be7 8. e3
O-O 9. Bd3 Bxd3 10. Qxd3 d6 11. O-O Nd7 12. b4 Bf6 13. Rac1 Qe7 14. Qe4 a5 15.
Rfd1 axb4 16. axb4 Ra2 17. Qb7 e5 18. Bg3 exd4 19. exd4 Qd8 20. c5 bxc5 21. dxc5
Rb2 22. h3 h5 23. c6 h4 24. Bf4 Qb8 25. Bd2 Ne5 26. Nxe5 Bxe5 27. Rc4 Qd8 28.
Be3 d5 29. Rc5 Bd6 30. Rcxd5 Qf6 31. Rxd6 cxd6 32. Bd4 Qe6 33. Bxb2 Qe2 34. Rf1
Qxb2 35. b5 d5 36. c7 Qc3 37. b6 Qc5 38. Qb8 Qd6 39. Qxf8+ Qxf8 40. b7 1-0

[Event "FIDE World Rapid Team"]
[Site "London ENG"]
[Date "2025.06.12"]
[Round "8.5"]
[White "Khotenashvili, Bella"]
[Black "Gong, Qianyun"]
[Result "1/2-1/2"]
[WhiteTitle "GM"]
[BlackTitle "WGM"]
[WhiteElo "2418"]
[BlackElo "2228"]
[WhiteTeam "Duobeniajan Costa Calida ESJ"]
[BlackTeam "Theme International Trading"]
[WhiteFideId "13602640"]
[BlackFideId "8602425"]
[EventDate "2025.06.11"]
[EventType "team"]

1. Nf3 Nf6 2. g3 b6 3. Bg2 Bb7 4. O-O g6 5. d3 Bg7 6. e4 d6 7. a4 a5 8. Na3 Nbd7
9. c3 O-O 10. Bg5 Re8 11. Nb5 c6 12. Na3 Ba6 13. Re1 Qc7 14. d4 e5 15. Qc2 h6
16. Be3 Nxe4 17. dxe5 d5 18. c4 Ndc5 19. Bd4 Rad8 20. Rad1 Qb8 21. cxd5 cxd5 22.
b3 Rc8 23. Qb1 Ne6 24. Ba1 Nc3 25. Bxc3 Rxc3 26. Nb5 Bxb5 27. axb5 Nc5 28. Rxd5
Nxb3 29. Qa2 Qc7 30. Red1 Nc5 31. Qd2 Rb3 32. Nd4 Rd3 33. Qc2 Rxd1+ 34. Qxd1
Rxe5 35. Nc6 Rxd5 36. Bxd5 a4 37. Nd8 Bf6 38. Bxf7+ Kg7 39. Ne6+ Nxe6 40. Bxe6
a3 41. Qe2 Qc5 42. Ba2 Be5 43. Kg2 h5 44. h4 Qd6 45. Qc4 Qf8 46. Qd5 Qe7 47. Qe4
Bd6 48. Qd4+ Kh7 49. Qd5 Be5 50. Qg8+ Kh6 51. Qd5 Qf6 52. f4 Ba1 53. Qc4 Qb2+
54. Kh3 Qf2 55. Qd5 Qf1+ 56. Kh2 Qe2+ 57. Kh3 Qf1+ 58. Kh2 Qe2+ 1/2-1/2

[Event "FIDE World Rapid Team"]
[Site "London ENG"]
[Date "2025.06.12"]
[Round "8.6"]
[White "Zhang, Changjie"]
[Black "Torres, Lucas"]
[Result "0-1"]
[WhiteElo "1808"]
[BlackElo "1897"]
[WhiteTeam "Theme International Trading"]
[BlackTeam "Duobeniajan Costa Calida ESJ"]
[WhiteFideId "5801877"]
[BlackFideId "1769464"]
[EventDate "2025.06.11"]
[EventType "team"]

1. e4 e6 2. d4 d5 3. Nc3 Nf6 4. e5 Nfd7 5. f4 c5 6. Nf3 Nc6 7. Be3 cxd4 8. Nxd4
Qb6 9. Na4 Qa5+ 10. c3 Nxd4 11. Bxd4 b5 12. b4 Qxa4 13. Qxa4 bxa4 14. Bb5 Bb7
15. Bxa4 a5 16. b5 Bc5 17. Rc1 Ke7 18. Ke2 Rac8 19. Kd3 Bxd4 20. cxd4 Nb6 21.
Bb3 a4 22. Bc2 Rc4 23. Rhd1 Bc8 24. g3 Bd7 25. Rb1 Rhc8 26. Rdc1 Rc3+ 27. Kd2
Ra3 28. Rb4 Rxa2 29. Kd1 Rc4 30. Rxc4 Nxc4 0-1

[Event "FIDE World Rapid Team"]
[Site "London ENG"]
[Date "2025.06.12"]
[Round "8.1"]
[White "Fernandez, Daniel Howard"]
[Black "Navara, David"]
[Result "0-1"]
[WhiteTitle "GM"]
[BlackTitle "GM"]
[WhiteElo "2484"]
[BlackElo "2657"]
[WhiteTeam "English Knightmares"]
[BlackTeam "Hetman GKS Katowice"]
[WhiteFideId "5801605"]
[BlackFideId "309095"]
[EventDate "2025.06.11"]
[EventType "team"]

1. Nf3 c5 2. e4 d6 3. Bb5+ Nd7 4. O-O a6 5. Bxd7+ Bxd7 6. Re1 Nf6 7. c3 e6 8. d4
cxd4 9. cxd4 d5 10. e5 Ne4 11. Nfd2 Bc6 12. Nf1 f5 13. exf6 Qxf6 14. Be3 Bb4 15.
Re2 O-O 16. Ng3 Nd6 17. b3 Rae8 18. Rc2 e5 19. Nc3 Bxc3 20. Rxc3 Nb5 21. dxe5
Rxe5 22. Rc5 d4 23. Rxe5 dxe3 24. Rf5 exf2+ 25. Kf1 Nc3 26. Rxf6 Bb5+ 27. Kxf2
Nxd1+ 28. Rxd1 Rxf6+ 29. Ke3 Bc6 30. Rd2 Kf7 31. a4 a5 32. Ne4 Re6 33. Rd4 Bxe4
34. Rxe4 Rb6 35. Rf4+ Ke6 36. Re4+ Kf6 37. Rf4+ Kg5 38. h4+ Kh5 39. Rf5+ Kxh4
40. Rxa5 Rxb3+ 41. Kf2 g5 42. Rd5 g4 43. Rd4 h5 44. Rc4 Rb2+ 45. Kg1 Kg3 46.
Rc3+ Kf4 47. Rc4+ Kg5 48. Rc5+ Kh4 49. Rc4 b6 50. Rd4 Kg3 51. Rd3+ Kf4 52. Kh2
h4 53. Rd4+ Kf5 54. Kg1 Rb1+ 55. Kf2 g3+ 56. Kf3 Rf1+ 57. Ke3 h3 0-1

[Event "FIDE World Rapid Team"]
[Site "London ENG"]
[Date "2025.06.12"]
[Round "8.2"]
[White "Klimkowski, Jan"]
[Black "Badacsonyi, Stanley"]
[Result "1-0"]
[WhiteTitle "GM"]
[BlackTitle "FM"]
[WhiteElo "2508"]
[BlackElo "2300"]
[WhiteTeam "Hetman GKS Katowice"]
[BlackTeam "English Knightmares"]
[WhiteFideId "21856222"]
[BlackFideId "486973"]
[EventDate "2025.06.11"]
[EventType "team"]

1. d4 Nf6 2. c4 g6 3. Nc3 Bg7 4. e4 d6 5. Be2 O-O 6. Be3 c5 7. e5 Ne8 8. dxc5
Bxe5 9. Nf3 Bxc3+ 10. bxc3 Qa5 11. Qc1 dxc5 12. Bh6 Ng7 13. h4 f6 14. h5 g5 15.
Bd3 Rf7 16. Qc2 Nf5 17. Bxf5 Bxf5 18. Qxf5 Qxc3+ 19. Ke2 Qxc4+ 20. Qd3 Qxd3+ 21.
Kxd3 Nc6 22. Rhd1 e6 23. Kc2 e5 24. Rd6 e4 25. Nd2 Ne5 26. f4 exf3 27. gxf3 Nc6
28. Ne4 Nd4+ 29. Kb2 Nf5 30. Rxf6 Nxh6 31. Rxh6 Rxf3 32. Rg1 Rf7 33. Rxg5+ Kh8
34. Rxc5 Re8 35. Nc3 Ref8 36. Re6 Rf6 37. Re7 R8f7 38. Rcc7 Rxe7 39. Rxe7 Rh6
40. Rxb7 Rxh5 41. Rxa7 Rh2+ 42. Kb3 h5 43. Nd5 Rf2 44. Re7 Rf5 45. Kc4 h4 46.
Re3 Rg5 47. a4 Rg4+ 48. Kb5 Rd4 49. Nc7 Rg4 50. a5 Rg3 51. Re5 h3 52. a6 Ra3 53.
Kb4 1-0

[Event "FIDE World Rapid Team"]
[Site "London ENG"]
[Date "2025.06.12"]
[Round "8.3"]
[White "Shearsby, Jude"]
[Black "Seemann, Jakub"]
[Result "0-1"]
[WhiteTitle "CM"]
[BlackTitle "IM"]
[WhiteElo "2160"]
[BlackElo "2450"]
[WhiteTeam "English Knightmares"]
[BlackTeam "Hetman GKS Katowice"]
[WhiteFideId "462527"]
[BlackFideId "21874697"]
[EventDate "2025.06.11"]
[EventType "team"]

1. e4 c5 2. Nf3 e6 3. d4 cxd4 4. Nxd4 a6 5. Bd3 Bc5 6. Nb3 Ba7 7. Qe2 Ne7 8. O-O
O-O 9. c4 Nbc6 10. Nc3 Ne5 11. Be3 Bxe3 12. Qxe3 b6 13. Rfd1 Qc7 14. Rac1 Bb7
15. Be2 Rab8 16. Qg3 f6 17. Nd4 Kh8 18. h4 Rg8 19. h5 g5 20. b4 Rbf8 21. Nf3
N7c6 22. b5 Nxf3+ 23. Qxf3 Ne5 24. Qe3 g4 25. Na4 Nf3+ 26. Bxf3 gxf3 27. Qxf3
Qe5 28. Re1 axb5 29. Nxb6 Rf7 30. cxb5 Rfg7 31. Nc4 Rxg2+ 32. Kf1 Qd4 33. Nd6
Rg1+ 34. Ke2 Qb2+ 35. Ke3 Qa3+ 36. Ke2 Qb2+ 37. Ke3 Rxe1+ 38. Rxe1 Ra8 39. Nf7+
Kg7 40. h6+ Kxf7 41. Qh5+ Ke7 42. Qc5+ Ke8 43. Qh5+ Kd8 44. Kf3 Rxa2 45. Qh4 Qe5
46. Rg1 Bxe4+ 47. Qxe4 Ra3+ 0-1

[Event "FIDE World Rapid Team"]
[Site "London ENG"]
[Date "2025.06.12"]
[Round "8.4"]
[White "Cieslak, Patryk"]
[Black "Badacsonyi, Frankie"]
[Result "1/2-1/2"]
[WhiteTitle "FM"]
[BlackTitle "FM"]
[WhiteElo "2442"]
[BlackElo "2189"]
[WhiteTeam "Hetman GKS Katowice"]
[BlackTeam "English Knightmares"]
[WhiteFideId "21078882"]
[BlackFideId "460400"]
[EventDate "2025.06.11"]
[EventType "team"]

1. e4 e6 2. d4 d5 3. Nd2 c5 4. Ngf3 cxd4 5. exd5 Qxd5 6. Bc4 Qd6 7. O-O Nf6 8.
Nb3 Nc6 9. Nbxd4 Nxd4 10. Nxd4 Be7 11. c3 O-O 12. Qf3 Qc7 13. Bb3 a5 14. a4 Bd7
15. Re1 Bc6 16. Nxc6 bxc6 17. Bc2 Nd5 18. Bd2 Qb6 19. Rab1 Rfd8 20. Re2 Rab8 21.
Qh3 g6 22. Qf3 Qc5 23. g3 Qc4 24. b3 Qc5 25. c4 Nb4 26. Be3 Qh5 27. Qxh5 gxh5
28. Be4 h4 29. g4 Bf6 30. Kg2 Kg7 31. Kh3 h6 32. Bd2 Rd4 33. Bc3 Rd6 34. Rd2
Rxd2 35. Bxd2 c5 36. Be3 Na2 37. Bc2 Nb4 38. Be4 Na2 39. Bc2 Nb4 40. Bd1 Be7 41.
Kg2 Rd8 42. Kf3 Kg6 43. Be2 Kg7 44. Rc1 Nc6 45. Rd1 Nd4+ 46. Bxd4+ Rxd4 47. Rxd4
cxd4 48. Ke4 Bc5 49. Ke5 Kf8 50. f4 Ke7 51. h3 f6+ 52. Ke4 Kd6 53. Bd3 Bb6 54.
Be2 Bc5 55. Kd3 Bb6 56. Bf3 Bc5 57. Bb7 Bb6 58. Bc8 Bc5 59. Ke4 Bb6 60. Ba6 Bc5
61. Kd3 Bb6 62. Bb7 Bc5 63. Bf3 Bb6 64. Bd1 Bc5 65. Bc2 Bb6 66. Ke4 Bc5 67. Kf3
Bb6 68. Bd1 Kc5 69. Ke4 Kd6 70. Be2 Bc5 71. Bd3 Bb6 72. f5 e5 73. Be2 Kc5 74.
Kd3 Bd8 75. Bf3 Bc7 76. Kc2 Bd8 77. Be4 Bc7 78. Bd3 Bd8 79. Kb2 Kb4 80. Kc2 Kc5
81. Be4 Bc7 82. Bd5 Bd8 83. Be4 Bc7 1/2-1/2

[Event "FIDE World Rapid Team"]
[Site "London ENG"]
[Date "2025.06.12"]
[Round "8.5"]
[White "Hng, Mei-En Emmanuelle"]
[Black "Tsatsalashvili, Keti"]
[Result "1/2-1/2"]
[WhiteTitle "WFM"]
[BlackTitle "WGM"]
[WhiteElo "2136"]
[BlackElo "2305"]
[WhiteTeam "English Knightmares"]
[BlackTeam "Hetman GKS Katowice"]
[WhiteFideId "5804566"]
[BlackFideId "13603434"]
[EventDate "2025.06.11"]
[EventType "team"]

1. e4 c5 2. d4 cxd4 3. c3 d3 4. Bxd3 Nc6 5. Bc4 d6 6. Nf3 e6 7. O-O h6 8. Qe2
Nf6 9. Rd1 Qc7 10. h3 Be7 11. Bf4 O-O 12. Na3 a6 13. Nc2 b5 14. Bd3 Ne5 15. Nxe5
dxe5 16. Bg3 Bb7 17. a4 bxa4 18. Rxa4 a5 19. Na3 Bxa3 20. Rxa3 Nd7 21. f3 Nc5
22. Bb5 Rfd8 23. Bf2 Nd7 24. Rda1 Nf8 25. Be3 Ng6 26. Qf2 Qd6 27. Bb6 Rdc8 28.
Rxa5 Rxa5 29. Rxa5 Nf4 30. Ra1 Bc6 31. Bf1 Rb8 32. Bc5 Qd7 33. b4 Nd3 34. Qe3
Nb2 35. Ra7 Qd1 36. Qe2 Qc1 37. Ra2 Bb5 38. Qxb2 Qxf1+ 39. Kh2 Rd8 40. Qf2 Qd1
41. Be3 Bc4 42. Rd2 Rxd2 43. Qxd2 Qxd2 44. Bxd2 h5 45. h4 f6 46. Kg1 Kf7 47. Kf2
Ke7 48. g4 g6 49. gxh5 gxh5 50. Be3 Kd7 51. f4 exf4 52. Bxf4 f5 53. Ke3 fxe4 54.
Kxe4 Kc6 55. Be5 Kb5 56. Bd4 Kc6 57. Ke5 Bd5 58. Kf6 Bc4 59. Kg5 Be2 60. c4 Bxc4
61. Kxh5 Kb5 62. Bc5 Bd3 63. Kg5 Bf5 64. h5 Kc4 65. Kf6 Kb5 66. h6 Kc4 67. Ke5
Kb5 68. Bd6 Kc4 69. Kf6 Kb5 70. Kg7 Kc4 71. Kf6 Kb5 72. Ke5 Kc4 73. Be7 Kb5 74.
Kd4 Bh7 75. Bc5 Bf5 76. Ke5 Kc4 77. Kf6 Kb5 78. Kg7 Kc4 79. Bd6 Kb5 80. h7 Bxh7
81. Kxh7 e5 82. Kg6 e4 83. Bc5 e3 84. Bxe3 Kxb4 1/2-1/2

[Event "FIDE World Rapid Team"]
[Site "London ENG"]
[Date "2025.06.12"]
[Round "8.6"]
[White "Smolinski, Wojciech"]
[Black "Jain, Gautam"]
[Result "0-1"]
[WhiteElo "1987"]
[BlackElo "1979"]
[WhiteTeam "Hetman GKS Katowice"]
[BlackTeam "English Knightmares"]
[WhiteFideId "21088683"]
[BlackFideId "425311"]
[EventDate "2025.06.11"]
[EventType "team"]

1. e4 e5 2. Nf3 Nc6 3. Bc4 Nf6 4. d3 Be7 5. c3 O-O 6. O-O d6 7. Re1 Na5 8. Bb5
c6 9. Ba4 b5 10. Bc2 c5 11. h3 Nc6 12. d4 Nd7 13. dxe5 dxe5 14. Qe2 c4 15. a4
Ba6 16. axb5 Bxb5 17. Na3 Bxa3 18. Rxa3 Qc7 19. Be3 Ne7 20. Rea1 a6 21. Ba4 Qc6
22. Bxb5 axb5 23. Qd2 Rxa3 24. Rxa3 Nf6 25. Nxe5 Qxe4 26. Nd7 Nxd7 27. Qxd7 Nf5
28. Qd2 h5 29. Bc5 Re8 30. Ra7 Qb1+ 31. Kh2 Re1 32. Ra8+ Kh7 33. g4 Rh1+ 34. Kg2
Qg1+ 35. Kf3 Rxh3+ 36. Ke4 Qg2+ 37. Kxf5 Qxg4+ 38. Ke5 f6+ 39. Kd5 0-1

[Event "FIDE World Rapid Team"]
[Site "London ENG"]
[Date "2025.06.12"]
[Round "8.1"]
[White "Oro, Faustino"]
[Black "Hong, Andrew"]
[Result "1/2-1/2"]
[WhiteTitle "IM"]
[BlackTitle "GM"]
[WhiteElo "2465"]
[BlackElo "2589"]
[WhiteTeam "Turkish Airlines Sports Club"]
[BlackTeam "FIDE MB Team"]
[WhiteFideId "20000197"]
[BlackFideId "2099438"]
[EventDate "2025.06.11"]
[EventType "team"]

1. e4 e5 2. Nf3 Nc6 3. Bb5 a6 4. Ba4 Nf6 5. O-O Be7 6. Re1 b5 7. Bb3 O-O 8. d3
d6 9. c3 Na5 10. Bc2 c5 11. d4 cxd4 12. cxd4 Bg4 13. d5 Qc7 14. Bd3 Nb7 15. h3
Bd7 16. Nbd2 Nc5 17. Bc2 Rfc8 18. Nb3 b4 19. Nxc5 Qxc5 20. Bd3 Bb5 21. Be3 Qc7
22. Rc1 Qb7 23. Qb3 Bxd3 24. Qxd3 Qb5 25. Qb1 h6 26. Nd2 Nd7 27. b3 f5 28. exf5
Qxd5 29. Nc4 Qf7 30. Bd2 a5 31. f4 exf4 32. Bxf4 d5 33. Nd2 Rc3 34. Nf3 Rf8 35.
Kh2 Bc5 36. Ne5 Nxe5 37. Bxe5 d4 38. Rcd1 Qxf5 39. Qxf5 Rxf5 40. Bxd4 Bxd4 41.
Rxd4 Rc2 42. Rg4 Rxa2 43. Re6 h5 44. Rg3 Rb2 45. Re8+ Kf7 46. Ra8 g5 47. Ra6 h4
48. Rd3 Kg7 49. Rd7+ Rf7 50. Rd5 Rf6 51. Rxg5+ Kh6 52. Rgxa5 Rxa6 53. Rxa6+ Kg5
54. Ra5+ Kg6 55. Ra6+ Kf5 56. Ra5+ Kg6 1/2-1/2

[Event "FIDE World Rapid Team"]
[Site "London ENG"]
[Date "2025.06.12"]
[Round "8.2"]
[White "Short, Nigel D"]
[Black "Ahmad, Khagan"]
[Result "1-0"]
[WhiteTitle "GM"]
[BlackTitle "IM"]
[WhiteElo "2587"]
[BlackElo "2394"]
[WhiteTeam "FIDE MB Team"]
[BlackTeam "Turkish Airlines Sports Club"]
[WhiteFideId "400025"]
[BlackFideId "13431552"]
[EventDate "2025.06.11"]
[EventType "team"]

1. e4 c5 2. Nc3 d6 3. f4 Nc6 4. Nf3 g6 5. Bb5 Bd7 6. a4 Bg7 7. O-O Nf6 8. d3 O-O
9. Kh1 Nd4 10. Bxd7 Nxd7 11. Nd5 e6 12. Ne3 f5 13. c3 Nxf3 14. Qxf3 Qc7 15. exf5
gxf5 16. Bd2 Kh8 17. Rae1 Nf6 18. h3 Qf7 19. g4 Nd5 20. Nxd5 exd5 21. g5 d4 22.
c4 Rad8 23. h4 d5 24. b3 dxc4 25. bxc4 Rfe8 26. h5 b6 27. Kg2 Qd7 28. a5 bxa5
29. Bxa5 Rb8 30. Kh3 Re3 31. Rxe3 dxe3 32. Qxe3 Re8 33. Qf3 Bd4 34. Re1 Rxe1 35.
Bxe1 Kg7 36. Ba5 Qe7 37. h6+ Kf7 38. Kh4 Qe6 39. Qd5 Bf2+ 40. Kh5 Qxd5 41. cxd5
Be3 42. d6 Ke6 43. g6 hxg6+ 44. Kxg6 Bxf4 45. h7 Be5 46. Bd8 f4 47. Bf6 Bxf6 48.
d7 f3 49. d8=Q Bxd8 50. h8=Q 1-0

[Event "FIDE World Rapid Team"]
[Site "London ENG"]
[Date "2025.06.12"]
[Round "8.3"]
[White "Lu, Miaoyi"]
[Black "Bologan, Victor"]
[Result "0-1"]
[WhiteTitle "IM"]
[BlackTitle "GM"]
[WhiteElo "2452"]
[BlackElo "2601"]
[WhiteTeam "Turkish Airlines Sports Club"]
[BlackTeam "FIDE MB Team"]
[WhiteFideId "8618020"]
[BlackFideId "13900048"]
[EventDate "2025.06.11"]
[EventType "team"]

1. e4 g6 2. d4 Bg7 3. Nc3 c6 4. h3 d6 5. Be3 Qb6 6. a3 Nf6 7. Bd3 O-O 8. Qc1 Qa5
9. f4 e5 10. Nf3 exd4 11. Bxd4 c5 12. b4 Qd8 13. Be3 c4 14. Be2 Re8 15. e5 dxe5
16. Nxe5 Nc6 17. O-O Nxe5 18. fxe5 Rxe5 19. Bxc4 Bf5 20. Nb5 a6 21. Rd1 Qe7 22.
Bd4 axb5 23. Bxe5 Qxe5 24. Bd3 Bxh3 25. gxh3 Qg3+ 26. Kh1 Qxh3+ 27. Kg1 Qg3+ 28.
Kf1 Qf3+ 29. Kg1 Ng4 0-1

[Event "FIDE World Rapid Team"]
[Site "London ENG"]
[Date "2025.06.12"]
[Round "8.4"]
[White "Al-Mudahka, Mohd"]
[Black "Xu, Yuanyuan"]
[Result "1-0"]
[WhiteTitle "GM"]
[BlackTitle "WGM"]
[WhiteElo "2542"]
[BlackElo "2300"]
[WhiteTeam "FIDE MB Team"]
[BlackTeam "Turkish Airlines Sports Club"]
[WhiteFideId "12100030"]
[BlackFideId "8601089"]
[EventDate "2025.06.11"]
[EventType "team"]

1. e4 c6 2. d4 d5 3. exd5 cxd5 4. c3 Nc6 5. Bf4 Bf5 6. Qb3 Qd7 7. Nf3 e6 8. Bb5
f6 9. Nbd2 Bd6 10. Bg3 Nge7 11. O-O O-O 12. Rfe1 a6 13. Bf1 b5 14. a4 Na5 15.
Qa2 b4 16. c4 Kh8 17. b3 Nac6 18. Qb2 Ng6 19. Rac1 Nf4 20. Re3 Bg6 21. Rce1 Rfe8
22. Qc1 Bf7 23. h3 Nh5 24. cxd5 exd5 25. Rxe8+ Bxe8 26. Bxd6 Qxd6 27. Bxa6 Nxd4
28. Nxd4 Qxa6 29. Qc5 Bf7 30. Qxb4 Nf4 31. Qb5 Qd6 32. Qb7 Qf8 33. Qe7 Qg8 34.
Qd6 Nd3 35. Re7 Re8 36. N2f3 h6 37. a5 Rd8 38. Rd7 Rc8 39. Rc7 Rd8 40. Qe7 Bg6
41. Qxg7+ Qxg7 42. Rxg7 Kxg7 43. Ne6+ Kf7 44. Nxd8+ Ke7 45. a6 d4 46. Nc6+ Kd6
47. a7 1-0

[Event "FIDE World Rapid Team"]
[Site "London ENG"]
[Date "2025.06.12"]
[Round "8.5"]
[White "Lohia, Sohum"]
[Black "Zhu, Chen"]
[Result "1/2-1/2"]
[WhiteTitle "FM"]
[BlackTitle "GM"]
[WhiteElo "2364"]
[BlackElo "2423"]
[WhiteTeam "Turkish Airlines Sports Club"]
[BlackTeam "FIDE MB Team"]
[WhiteFideId "5819369"]
[BlackFideId "8600546"]
[EventDate "2025.06.11"]
[EventType "team"]

1. e4 c5 2. Nf3 Nc6 3. Bb5 Qb6 4. Nc3 e6 5. Bxc6 Qxc6 6. d4 cxd4 7. Nxd4 Qc7 8.
O-O a6 9. Re1 d6 10. Bg5 f6 11. Bh4 b5 12. Bg3 b4 13. Nce2 e5 14. Nf5 Bb7 15. f3
d5 16. exd5 Qd7 17. Ne3 Bc5 18. Bf2 Ne7 19. c4 bxc3 20. Nxc3 O-O 21. Qb3 Kh8 22.
Rad1 Rfd8 23. d6 Nc6 24. Nc2 Na5 25. Qa4 Qxa4 26. Nxa4 Bxf2+ 27. Kxf2 Nc4 28. d7
Bc6 29. Nc5 Nxb2 30. Rd6 Bb5 31. Na3 Na4 32. Rc1 Nxc5 33. Rxc5 Kg8 34. Nxb5 axb5
35. Rd2 Rab8 36. Ke3 Kf7 37. f4 exf4+ 38. Kxf4 Rb7 39. Rcd5 Ke6 40. Rd6+ Ke7 41.
R2d5 Ra7 42. Rb6 Rxa2 43. Kf3 Ra3+ 44. Kf2 Ra2+ 45. Kf3 Ra3+ 46. Kf2 Ra7 47.
Rbxb5 Raxd7 48. Rxd7+ Rxd7 49. Rb3 Kf7 50. g3 h5 51. h4 Kg6 52. Kf3 Rd5 53. Ra3
Rf5+ 54. Kg2 Kh6 55. Rb3 Ra5 56. Kf3 Ra6 57. Rc3 Ra5 58. Rc6 Kg6 59. Rc3 Kf5 60.
Rb3 g5 61. hxg5 fxg5 62. Rb2 g4+ 63. Kg2 Ke4 64. Rb4+ Kd3 65. Rb3+ Kc2 66. Rb6
Rd5 67. Re6 Kd3 68. Ra6 Ke3 69. Re6+ Kd4 70. Ra6 Ke4 71. Re6+ Kd4 72. Ra6 Rc5
73. Rd6+ Rd5 74. Ra6 Ke5 75. Ra2 Rd4 76. Ra5+ Ke4 77. Rxh5 Rd2+ 78. Kg1 Kf3 79.
Ra5 Re2 80. Ra3+ Re3 81. Ra1 Kxg3 82. Rb1 Kh3 83. Ra1 Rb3 84. Rc1 g3 85. Ra1 Rb2
86. Rc1 Rg2+ 87. Kh1 Rh2+ 88. Kg1 Rg2+ 89. Kh1 Rh2+ 90. Kg1 1/2-1/2

[Event "FIDE World Rapid Team"]
[Site "London ENG"]
[Date "2025.06.12"]
[Round "8.6"]
[White "Zaiarski, Stepan"]
[Black "Yildiz, Ali Aras"]
[Result "1/2-1/2"]
[WhiteElo "1932"]
[BlackElo "2089"]
[WhiteTeam "FIDE MB Team"]
[BlackTeam "Turkish Airlines Sports Club"]
[WhiteFideId "13907000"]
[BlackFideId "51619822"]
[EventDate "2025.06.11"]
[EventType "team"]

1. d4 d5 2. c4 e6 3. g3 Nf6 4. Bg2 Be7 5. Nf3 O-O 6. O-O b6 7. Qc2 Bb7 8. Nbd2
Nbd7 9. b3 Rc8 10. Bb2 c5 11. dxc5 Nxc5 12. Ng5 Ncd7 13. Rac1 h6 14. Nh3 Qc7 15.
Qb1 Qb8 16. cxd5 Bxd5 17. e4 Bb7 18. Nf4 Nc5 19. b4 Na4 20. Ba1 Rxc1 21. Rxc1
Rc8 22. Nd3 Rxc1+ 23. Qxc1 Ba6 24. Nb2 Nxb2 25. Qxb2 Qc7 26. a3 Bb7 27. f3 Qd7
28. Bf1 Bc6 29. Qd4 Qc7 30. Bd3 a5 31. Kg2 axb4 32. axb4 Qd7 33. Qxd7 Nxd7 34.
b5 Bb7 35. Bd4 Bc5 36. Bxc5 Nxc5 37. Be2 Kf8 38. Nc4 Nd7 39. Kf2 Ke7 40. e5 Bd5
41. f4 Bxc4 42. Bxc4 f6 43. exf6+ Nxf6 44. Kf3 Kd6 45. g4 g5 46. h3 e5 47. f5
Kc5 48. Bd3 Kd4 49. Bf1 e4+ 50. Ke2 Nd5 51. Kd2 e3+ 52. Ke2 Nc3+ 53. Kf3 Ne4 54.
Be2 Nf6 55. Bf1 Nd7 56. Ke2 Nf6 57. Bg2 h5 58. Bf3 hxg4 59. hxg4 Nd7 60. Ke1 Ne5
61. Be2 Nd7 62. Kd1 Nf6 63. Kc2 Nd5 64. Kd1 Ke4 65. Ke1 Nf6 66. Kf1 Kf4 67. Ke1
Kg3 68. Kf1 Kh2 69. Bf3 Kg3 70. Be2 Ne4 71. Ke1 Nf6 72. Kf1 Kf4 73. Kg2 Ke4 74.
Kf1 Kd4 75. Ke1 Kc3 76. Kd1 Nd5 77. Bf3 Nf6 78. Be2 Kd4 79. Bf3 Ke5 80. Ke1 Kf4
81. Be2 Kg3 82. Kf1 Ne4 83. Bd3 Nf6 84. Be2 Kf4 85. Ke1 Ke4 86. Kd1 Kd4 87. Ke1
Kc5 88. Kd1 Kd4 1/2-1/2

[Event "FIDE World Rapid Team"]
[Site "London ENG"]
[Date "2025.06.12"]
[Round "8.1"]
[White "Gurevich, Ilya"]
[Black "Gan-Erdene, Sugar"]
[Result "1/2-1/2"]
[WhiteTitle "GM"]
[BlackTitle "IM"]
[WhiteElo "2586"]
[BlackElo "2454"]
[WhiteTeam "e-therapeutics"]
[BlackTeam "Mongolia-B"]
[WhiteFideId "2000628"]
[BlackFideId "4902980"]
[EventDate "2025.06.11"]
[EventType "team"]

1. e4 c5 2. Nf3 d6 3. Nc3 Nf6 4. e5 dxe5 5. Nxe5 a6 6. a4 e6 7. g3 Qc7 8. Nc4 b6
9. Bg2 Bb7 10. O-O Bxg2 11. Kxg2 Nc6 12. d3 Nd4 13. Ne4 Be7 14. c3 Nc6 15. Bf4
e5 16. Nxf6+ Bxf6 17. Bd2 O-O 18. Qf3 Rad8 19. Rfd1 Be7 20. Be1 f5 21. Ra3 b5
22. axb5 axb5 23. Ne3 Qd7 24. Ra6 Rf6 25. Nxf5 Nd4 26. cxd4 Rxa6 27. dxe5 Bf8
28. Qe4 Ra4 29. d4 Qd5 30. Qxd5+ Rxd5 31. Kf3 g6 32. b3 Ra3 33. Ke4 Rd8 34. Ne3
cxd4 35. Nd5 Rxb3 36. Rxd4 Rc8 37. e6 Rb2 38. Bd2 Rc4 39. Nf6+ Kg7 40. Rxc4 bxc4
41. Bc3 Re2+ 42. Kd5 Be7 43. Ne4+ Kf8 44. h4 Ke8 45. Bd4 Rc2 46. f3 Rc1 47. Bc3
Rd1+ 48. Kxc4 h6 49. Bd4 g5 50. h5 Rf1 51. Bg7 Rxf3 52. Bxh6 g4 53. Bg7 Rf5 54.
h6 Rh5 55. Nf2 Bg5 56. Nxg4 Ke7 57. Kd3 Kxe6 58. Ke4 1/2-1/2

[Event "FIDE World Rapid Team"]
[Site "London ENG"]
[Date "2025.06.12"]
[Round "8.2"]
[White "Bilguun, Sumiya"]
[Black "Williams, Simon K"]
[Result "1/2-1/2"]
[WhiteTitle "GM"]
[BlackTitle "GM"]
[WhiteElo "2451"]
[BlackElo "2444"]
[WhiteTeam "Mongolia-B"]
[BlackTeam "e-therapeutics"]
[WhiteFideId "4901541"]
[BlackFideId "404454"]
[EventDate "2025.06.11"]
[EventType "team"]

1. e4 e6 2. d4 d5 3. Bd3 c5 4. exd5 exd5 5. Nf3 Nf6 6. O-O Be7 7. dxc5 Bxc5 8.
Nbd2 O-O 9. Nb3 Bb6 10. Re1 Bg4 11. h3 Bh5 12. Be3 Nc6 13. Bxb6 Qxb6 14. Re3
Rfe8 15. Qd2 Rxe3 16. Qxe3 Qxe3 17. fxe3 Re8 18. Kf2 Bg6 19. Rd1 Ne4+ 20. Bxe4
Bxe4 21. c3 b6 22. Nbd4 Ne5 23. Nxe5 Rxe5 24. Nc6 Rg5 25. g4 h5 26. Kg3 hxg4 27.
h4 Rh5 28. Kxg4 g6 29. Nxa7 Rf5 30. Rd2 Rf3 31. Nc6 Kg7 32. h5 f5+ 33. Kg5 Rg3+
34. Kf4 Rg4+ 35. Ke5 gxh5 36. Ne7 Kf7 37. Nxd5 h4 38. Nf4 Rg3 39. Rd7+ Kg8 40.
Kf6 h3 41. Rd8+ Kh7 42. Rd7+ Kg8 43. Rd8+ Kh7 44. Rd7+ Kg8 45. Rd8+ 1/2-1/2